remote mpnitoring system based on a wifi controlled car usin (Record no. 138335)

000 -LEADER
fixed length control field 00341nam a2200097Ia 4500
008 - FIXED-LENGTH DATA ELEMENTS--GENERAL INFORMATION
fixed length control field 220120s9999||||xx |||||||||||||| ||und||
100 ## - MAIN ENTRY--PERSONAL NAME
Personal name Akshay, Darshan M Prabhu, Manasa and Rakshitha
9 (RLIN) 12735
245 #0 - TITLE STATEMENT
Title remote mpnitoring system based on a wifi controlled car usin
260 ## - PUBLICATION, DISTRIBUTION, ETC.
Place of publication, distribution, etc. Coorg Institute of Technology
Name of publisher, distributor, etc. Ponnampet
650 ## - SUBJECT ADDED ENTRY--TOPICAL TERM
Topical term or geographic name entry element MECHANICAL
Holdings
Withdrawn status Lost status Damaged status Not for loan Home library Current library Date acquired Full call number Barcode Date last seen Price effective from Koha item type
        Central Library Central Library 01/20/2022 621.381 ASH PR726 01/20/2022 01/20/2022 Project Reports

Powered by Koha